Virología práctica / (Record no. 50578)

MARC details
000 -LEADER
campo de control de longitud fija 00618nam a2200169 i 4500
001 - NÚMERO DE CONTROL
campo de control 50578
003 - IDENTIFICADOR DE NÚMERO DE CONTROL
campo de control ES-MaACL
005 - FECHA Y HORA DE LA ÚLTIMA TRANSACCIÓN
campo de control 20230906162213.0
007 - CAMPO FIJO DE DESCRIPCIÓN FÍSICA--INFORMACIÓN GENERAL
campo de control de longitud fija t|
008 - DATOS DE LONGITUD FIJA--INFORMACIÓN GENERAL
campo de control de longitud fija 030805s1959 sp ||||1| spa d
100 1# - ENTRADA PRINCIPAL--NOMBRE DE PERSONA
Nombre de persona Cunningham, Charles H.
9 (RLIN) 42185
245 10 - MENCIÓN DEL TÍTULO
Título Virología práctica /
Mención de responsabilidad, etc. por Charles H. Cunningham ; traducción de la 3ª edición norteamericana (reimpresión revisada en 1957) por Miguel Cordero del Capillo.
260 ## - PUBLICACIÓN, DISTRIBUCIÓN, ETC.
Lugar de publicación, distribución, etc. Zaragoza :
Nombre del editor, distribuidor, etc. Acribia,
Fecha de publicación, distribución, etc. 1959 (
Fabricante Heraldo de Aragón)
300 ## - DESCRIPCIÓN FÍSICA
Extensión XV, 177 p. ;
Dimensiones 24 cm.
700 1# - ENTRADA AGREGADA--NOMBRE PERSONAL
Nombre de persona Cordero del Campillo, Miguel.
9 (RLIN) 40521
852 ## - LOCALIZACIÓN
Ubicación ES-MaACL
Número de control de estantería C-8630
Sublocalización o colección R.44331
Holdings
Estatus retirado Estado de pérdida Estado de daño No para préstamo Biblioteca de origen Biblioteca actual Ubicación en estantería Fecha de adquisición Fuente de adquisición Total de préstamos Signatura topográfica completa Código de barras Visto por última vez Precio de reemplazo Tipo de ítem Koha
        Biblioteca del Ateneo de Madrid Biblioteca del Ateneo de Madrid Sala Palomar 17/01/2008     C-8630 1053200 23/02/2023 23/02/2023 Libro impreso